America past and present / (Record no. 64449)
[ view plain ]
| 000 -LEADER | |
|---|---|
| fixed length control field | 01138nam a2200325 a 4500 |
| 001 - CONTROL NUMBER | |
| control field | 64449 |
| 003 - CONTROL NUMBER IDENTIFIER | |
| rucl marc code | BD-RjUL |
| 005 - DATE AND TIME OF LATEST TRANSACTION | |
| control field | 20211209081318.0 |
| 008 - FIXED-LENGTH DATA ELEMENTS--GENERAL INFORMATION | |
| fixed length control field | 170215s1983 ilua j 001 0 eng d |
| 020 ## - INTERNATIONAL STANDARD BOOK NUMBER | |
| International Standard Book Number | 0673220052 |
| 035 ## - SYSTEM CONTROL NUMBER | |
| System control number | (BD-RjUL)64579 |
| 040 ## - CATALOGING SOURCE | |
| Original cataloging agency | BD-RjUL |
| Transcribing agency | BD-RjU |
| Modifying agency | BD-RjU |
| Language of cataloging | eng |
| 041 ## - LANGUAGE CODE | |
| Language code of text/sound track or separate title | eng |
| 082 00 - DEWEY DECIMAL CLASSIFICATION NUMBER | |
| Classification number | 973 |
| Edition number | 23 |
| Author mark and year | AME 1983 |
| 245 00 - TITLE STATEMENT | |
| Title | America past and present / |
| Statement of responsibility, etc. | program authors, Joan Schreiber ... [et al.]. |
| 260 ## - PUBLICATION, DISTRIBUTION, ETC. (IMPRINT) | |
| Place of publication, distribution, etc. | Glenview, Ill. : |
| Name of publisher, distributor, etc. | Scott, Foresman, |
| Date of publication, distribution, etc. | c1983. |
| 300 ## - PHYSICAL DESCRIPTION | |
| Pagination | 479 p. : |
| Illustrations | ill. ; |
| Size | 26 cm. |
| 500 ## - GENERAL NOTE | |
| General note | Includes index. |
| 651 #0 - SUBJECT ADDED ENTRY--GEOGRAPHIC NAME | |
| Geographic name | United States |
| General subdivision | History |
| -- | Juvenile literature. |
| 9 (RLIN) | 191203 |
| Geographic name | United States |
| General subdivision | Description and travel |
| -- | Juvenile literature. |
| 9 (RLIN) | 191204 |
| Geographic name | Canada |
| General subdivision | History |
| -- | Juvenile literature. |
| 9 (RLIN) | 191205 |
| Geographic name | Mexico |
| General subdivision | History |
| -- | Juvenile literature. |
| 9 (RLIN) | 191206 |
| Geographic name | United States |
| General subdivision | History. |
| 9 (RLIN) | 191039 |
| Geographic name | Canada |
| General subdivision | History. |
| 9 (RLIN) | 191207 |
| Geographic name | Mexico |
| General subdivision | History. |
| 9 (RLIN) | 191208 |
| 700 1# - ADDED ENTRY--PERSONAL NAME | |
| Personal name | Schreiber, Joan E. |
| 830 ## - SERIES ADDED ENTRY--UNIFORM TITLE | |
| Uniform title | Scott, Foresman social studies |
| 942 ## - ADDED ENTRY ELEMENTS (KOHA) | |
| Source of classification or shelving scheme | Dewey Decimal Classification |
| Koha item type | Books |
| Lost status | Source of classification or shelving scheme | Damaged status | Not for loan | Collection code | Permanent Location | Current Location | Shelving location | Date acquired | Source of acquisition | Total Checkouts | Full call number | Date last seen | Copy number | Koha item type |
|---|---|---|---|---|---|---|---|---|---|---|---|---|---|---|
| Dewey Decimal Classification | Not For Loan | Non-fiction | Central Library, University of Rajshahi | Central Library, University of Rajshahi | Reading Room | 15/05/1990 | R.U.L. | 973 AME 1983 | 15/02/2017 | C-1 | Books |